000 01067nam a2200241 i 4500
001 184813
003 ES-MaACL
005 20250809063541.0
008 160121s2007 sp |||| | spa d
080 _a327(460:5)(091)
100 1 _aVilar, Juan Bautista,
_d1941-2018
_9114797
245 1 4 _aLas relaciones de España con el Magreb
_b: siglos XIX y XX /
_cJuan B. Vilar, Miguel Hernando de Larramendi, María José Vilar.
260 _aMurcia :
_bDepartamento de Historia Moderna, Contemporánea y de América, Universidad,
_c2007.
300 _aP. [21]-25 ;
_c24 cm.
504 _aReferencias bibliográficas.
595 _aSeparata de: Anales de historia contemporánea, n. 23, 2007.
651 4 _aEspaña-
_xRelaciones-
_zMagreb.
_9154082
700 1 _aHernando de Larramendi, Miguel.
_963105
700 1 _aVilar, María José.
_9114799
710 2 _aUniversidad de Murcia.
_bDepartamento de Historia Moderna, Contemporánea y de América.
_97239
852 _aES-MaACL
_j2139-F-19
_z. - Dedicatoria autógrafa del autor
999 _c184813
_d184813